Statistics for Former "Country" Flags #7-Horn of Africa

Click here to take the quiz!

General Stats

  • This quiz has been taken 32 times
  • The average score is 7 of 13

Answer Stats

Answer% Correct
Somali Democratic Republic
100%
Somali Republic
100%
State of Somaliland
100%
Ethiopian Empire
97%
People's Democratic Republic of Ethiopia
97%
Provisional Military Government of Socialist Ethiopia
97%
Adal Sultanate
26%
Ajuran Sultanate
26%
Aussa Sultanate
16%
Imamate of Aussa
16%
Majeerteen Sultanate
16%
Sultanate of Hobyo
16%
Issaq Sultanate
13%

Score Distribution

Percentile by Number Answered

Percent of People with Each Score

Your Score History

You have not taken this quiz